| 000 | 01098nam a2200265 a 4500 | ||
|---|---|---|---|
| 008 | 120416s2000 ||||||||||||||||| || u | ||
| 020 | _a0521800838 | ||
| 050 | _aHD 111 Lan | ||
| 100 | _aWatson, R. T | ||
| 245 | 1 | 0 |
_aLand use, land use change and forestry _cedited by R. T. Watson |
| 260 |
_aLondon _bPublished for the Intergovernmental Panel on Climate Change [by] Cambridge University Press _c2000 |
||
| 300 | _a377 p. : ill. | ||
| 350 | _a0.00 | ||
| 500 | _a'A special report of the IPCC.' -Includes bibliographical references. | ||
| 650 | _aFOREST MANAGEMENT--STANDARDS | ||
| 650 | _aLAND | ||
| 650 | _aCLIMATE CHANGE--COMESA | ||
| 650 | _aCARBON CYCLE (BIOGEOCHEMISTRY) | ||
| 650 | _aFOREST ECOLOGY | ||
| 650 | _aLAND USE | ||
| 710 | _aIntergovernmental Panel on Climate Change | ||
| 856 | _uhttp://www.loc.gov/catdir/description/cam021/00702661.html | ||
| 856 | _uhttp://www.loc.gov/catdir/toc/cam022/00702661.html | ||
| 995 |
_D0.00 _FCBU-MAIN LIBRARY (Kitwe) _H1 _I21.95 _M1 _UAVAILABLE _ZMain Library Open Access Collection |
||
| 999 |
_c48843 _d48843 |
||